Socializmus na tanieri : Možnosti a praktiky stravovania obyvateľov Slovenska v rokoch 1948-1989 /

Guardado en:
Detalles Bibliográficos
Autor principal: Stoličná-Mikolajová Rastislava (Autor)
Formato: Libro
Lenguaje:eslovaco
Publicado: Bratislava : VEDA, 2015
Edición:1. vydanie
Materias:
Etiquetas: Agregar Etiqueta
Sin Etiquetas, Sea el primero en etiquetar este registro!

MARC

LEADER 00000nam a22000003a 4500
001 0032311
003 SK-STU
005 20190325173259.2
007 ta
008 180412s ----xo-----e------000-0-----d
020 |a 978-80-224-1467-8 
040 |a STU  |b slo 
041 0 |a slo 
044 |a xo 
100 1 |a Stoličná-Mikolajová Rastislava  |4 aut  |r Z5 
245 1 0 |a Socializmus na tanieri :  |b Možnosti a praktiky stravovania obyvateľov Slovenska v rokoch 1948-1989 /  |c aut. Rastislava Stoličná-Mikolajová 
250 |a 1. vydanie 
260 |a Bratislava :  |b VEDA,  |c 2015 
300 |a 160 s. 
650 0 7 |a výživa 
650 0 7 |a stravovanie 
650 0 7 |a verejné stravovanie 
996 |b 284AU07343  |c A* 10612/U  |l AA5150  |s P  |a 0  |w 0032311_0001